|
|
|
|
| LEADER |
01896nam a2200277 u 4500 |
| 001 |
10114040 |
| 003 |
upatras |
| 005 |
20210117205143.0 |
| 008 |
140918s2013 gr gre |
| 040 |
|
|
|a GR-PaULI
|c GR-PaULI
|
| 041 |
0 |
|
|a gre
|
| 082 |
1 |
4 |
|a 572.56
|2 23
|
| 100 |
1 |
|
|a Ασημακοπούλου, Αθανασία
|4 aut
|9 140813
|
| 245 |
1 |
0 |
|a Βιοχημική και φαρμακολογική μελέτη της θειικής χονδροϊτίνης σε βιολογικά δείγματα
|b Biochemical and pharmacological study of chondroitin sulfate in biological samples
|c Ασημακοπούλου Αθανασία; Πανεπιστήμιο Πατρών, Τμήμα Χημείας, Τομέας Οργανικής Χημείας, Βιοχημείας και Φυσικών Προϊόντων
|c = Asimakopoulou Athanasia
|
| 246 |
1 |
1 |
|a Biochemical and pharmacological study of chondroitin sulfate in biological samples
|
| 300 |
|
|
|a [26], 164 σ.
|b εικ.
|c 30 εκ.
|
| 504 |
|
|
|a Περιλαμβάνει βιβλιογραφία
|
| 650 |
|
4 |
|a Θειική χονδροϊτίνη
|9 140814
|
| 650 |
|
4 |
|a Μοριακή βιολογία
|9 835
|
| 700 |
1 |
|
|a Καραμάνος, Νίκος Κ.
|4 oth
|9 38957
|
| 710 |
2 |
|
|9 2771
|a Πανεπιστήμιο Πατρών
|b Σχολή Επιστημών Υγείας
|b Τμήμα Ιατρικής
|e Σχολή Θετικών Επιστημών
|e Τμήμα Χημείας
|e Τομέας Οργανικής Χημείας, Βιοχημείας και Φυσικών Προϊόντων
|
| 852 |
|
|
|a GR-PaULI
|b ΠΑΤΡΑ
|b ΒΚΠ
|b ΑΝΕ
|k ΔΙΑΤΡΙΒΗ
|h 572.56 ΑΣΗ
|m 122988
|p 025000234754
|t 1
|
| 942 |
|
|
|2 ddc
|c BKTD
|
| 952 |
|
|
|0 0
|1 0
|4 0
|6 572_560000000000000_ΑΣΗ
|7 0
|9 170298
|a LISP
|b LISP
|c RES
|d 2016-04-24
|i 122988
|l 0
|o 572.56 ΑΣΗ
|p 025000234754
|r 2016-04-24 00:00:00
|t 1
|w 2016-04-24
|y BKTD
|
| 998 |
|
|
|c ΓΚΟΓΚΟΥ
|d 2014-09
|
| 999 |
|
|
|c 106537
|d 106537
|